000 00697cam a22001814a 4500
005 20250605164227.0
008 250528s ||||||||||||||||||||||||d
035 _a20911
020 _a9786180304831
040 _aGR-AtMCL
_bgre
_dGR-AtMCL
_eAACR2
245 1 _aΟ Πηλέας και η Θέτιδα / Μυθολογικά Παραμύθια
260 _bΜεταίχμιο,
_c2016
520 _aΜε τη σειρά Μυθολογικά Παραμύθια επιχειρείται μία καινούργια ''ανάγνωση'' αρχαίων ελληνικών μύθων.
700 1 _aΠαπαθεοδούλου Αντώνης
_96815
942 _cBK
999 _c5988
_d5988